000 00298nam a22001337a 4500
008 171031b xxu||||| |||| 00| 0 eng d
020 _a0534932274
041 _aeng
080 _210TH
_a33
100 _a58
101 _aBUS
245 _aBUSINESS COMMUNICATIONS
_cHIMSTREET,W.C
942 _2udc
_cBK
999 _c36708
_d36708